|
|
|
|
| LEADER |
01915nam a2200361 a 4500 |
| 001 |
000488849 |
| 003 |
CZ BrMZK |
| 005 |
20080523124216.0 |
| 007 |
ta |
| 008 |
950821s1980 xr f cze d |
| 015 |
|
|
|a cnb000394416
|z cnb000155567
|
| 035 |
|
|
|a (OCoLC)7297242
|
| 040 |
|
|
|a BOA001
|b cze
|
| 080 |
|
|
|a 885-32-1-821
|2 MRF
|
| 080 |
|
|
|a 92 Theer, O.
|2 MRF
|
| 100 |
1 |
|
|a Theer, Otakar,
|d 1880-1917
|7 jk01132330
|4 aut
|
| 245 |
1 |
0 |
|a Hořká idyla /
|c Otakat Theer ; Povídky a básně vybral, uspoř., předml. Básník epochy zlomu aneb několik theerovských protimluvů a ediční pozn. naps. Milan Suchomel ; K vyd. připravil a ediční pozn. naps. Vlastimil
|
| 250 |
|
|
|a 1. vyd.
|
| 260 |
|
|
|a Praha :
|b Odeon,
|c 1980
|
| 300 |
|
|
|a 208, [2] s. ;
|c 8°
|
| 490 |
1 |
|
|a Světová četba ;
|v sv. 504
|
| 500 |
|
|
|a Životopisná pozn. o autorovi
|
| 520 |
2 |
|
|a Výbor z básnických sbírek Háje, kde se tančí, Výpravy k Já, Úzkosti a naděje, všemu navzdory, Faëthón a z knižního souboru Pod stromem lásky, resp. z časopisů připomíná sté výročí narození pozapomenutého spisovatele. Bylyvoleny tybásně a povídky, které mají schopnost navázat s dnešním čtenářem kontakt a současně představují autorský typ.
|
| 700 |
1 |
|
|a Suchomel, Milan,
|d 1928-
|7 jk01121717
|4 aut
|
| 700 |
1 |
|
|a Válek, Vlastimil,
|d 1931-2019
|7 jk01141217
|4 com
|
| 830 |
|
0 |
|a Světová četba (Odeon)
|0 s
|
| 856 |
4 |
1 |
|u http://www.digitalniknihovna.cz/mzk/uuid/uuid:43c90af0-81f0-11e3-a6e0-005056827e52
|y Digitalizovaný dokument
|x NDK
|
| 910 |
|
|
|a BOA001
|b 1-0822.975
|b PK-A-0017.604
|
| 920 |
|
|
|a 000176654
|
| 964 |
|
|
|a Theer, Otakar (1880-1917 spisovatel čes.) : dílo - rozbory
|
| 990 |
|
|
|a BK
|
| 996 |
6 |
|
|b 2619753950
|c 1-0822.975
|l MZK
|r Sklad / do 1 hodiny
|n 13
|w 000488849
|u 000010
|a 1
|e BOA001
|j MZK50
|s P
|
| 996 |
7 |
|
|b 3119944125
|c PK-A-0017.604
|l MZK
|r Sklad / do 1 hodiny
|n 3
|w 000488849
|u 000020
|a 1
|e BOA001
|j MZK50
|s A
|